00483nam a2200157Ia 4500008004100000020001400041082001400055100001800069245006800087250000700155260004500162300002800207500001900235600002100254650005000275240925s9999 xx 000 0 und d a139016538 a004.6 BRO aBrooks ,R. R. 0aMulti-Sensor Fusion: fundamentals and application with software aNA aNew Jersey:bPrintice- Hall Int.c,1998. axvi,488p.bNAfOriginal aIncludes Index aComputer Science aComputer science, information & general works